Les 10 villes les plus peuplées de la Meuse (55) - Statistiques

Statistiques générales
  • Ce quiz a été pris 85 fois
  • Le résultat moyen est 5 sur 10
Statistiques - réponses
Population Communes % Correct
16 600 Verdun
100%
14 600 Bar-le-Duc
96%
5 300 Commercy
87%
3 800 Saint-Mihiel
57%
3 700 Ligny-en-Barrois
54%
3 400 Étain
52%
3 000 Belleville-sur-Meuse
22%
2 600 Revigny-sur-Ornain
22%
3 200 Thierville-sur-Meuse
20%
2 600 Ancerville
15%
Aucun quiz correspondant
Distribution des résultats
% des personnes avec chaque résultat
Percentile par nombre de réponses
Votre historique - résultats
Vous n’avez pas pris ce quiz